<?xml version="1.0" encoding="UTF-8"?>
<record
    xmlns:xsi="http://www.w3.org/2001/XMLSchema-instance"
    xsi:schemaLocation="http://www.loc.gov/MARC21/slim http://www.loc.gov/standards/marcxml/schema/MARC21slim.xsd"
    xmlns="http://www.loc.gov/MARC21/slim">

  <leader>00496pam a2200157a 44500</leader>
  <controlfield tag="008">230515b2020    xxu||||| |||| 00| 0 eng d</controlfield>
  <datafield tag="020" ind1=" " ind2=" ">
    <subfield code="a">NULL</subfield>
  </datafield>
  <datafield tag="041" ind1=" " ind2=" ">
    <subfield code="a">ENGLISH</subfield>
  </datafield>
  <datafield tag="082" ind1=" " ind2=" ">
    <subfield code="a">610.0</subfield>
  </datafield>
  <datafield tag="100" ind1=" " ind2=" ">
    <subfield code="a">MS.KANCHAN SHINDE</subfield>
  </datafield>
  <datafield tag="245" ind1=" " ind2=" ">
    <subfield code="a">A DESCRIPTIVE STUDY TO ASSESS THE KNOWLEDGE AND ATTITUDE REGARDING OPTIONAL VACCINE AMONG MOTHERS IN SELECTED HEALTH CARE CENTRES OF PUNE CITY</subfield>
  </datafield>
  <datafield tag="250" ind1=" " ind2=" ">
    <subfield code="a">1</subfield>
  </datafield>
  <datafield tag="260" ind1=" " ind2=" ">
    <subfield code="a"></subfield>
    <subfield code="b">BHARATI VIDYAPEETH DEEMED UNIVERSITY, PUNE,</subfield>
    <subfield code="c">2020</subfield>
  </datafield>
  <datafield tag="300" ind1=" " ind2=" ">
    <subfield code="a">94</subfield>
  </datafield>
  <datafield tag="650" ind1=" " ind2=" ">
    <subfield code="a">NULL</subfield>
  </datafield>
  <datafield tag="999" ind1=" " ind2=" ">
    <subfield code="c">532087</subfield>
    <subfield code="d">532087</subfield>
  </datafield>
  <datafield tag="952" ind1=" " ind2=" ">
    <subfield code="0">0</subfield>
    <subfield code="1">0</subfield>
    <subfield code="4">0</subfield>
    <subfield code="7">0</subfield>
    <subfield code="a">NCP</subfield>
    <subfield code="b">NCP</subfield>
    <subfield code="c">MSC</subfield>
    <subfield code="d">2021-03-02</subfield>
    <subfield code="e">BHARATI VIDYAPPEETH </subfield>
    <subfield code="g">1.00</subfield>
    <subfield code="l">3</subfield>
    <subfield code="o">610.0</subfield>
    <subfield code="p">NCP-R-273</subfield>
    <subfield code="r">2024-08-06 00:00:00</subfield>
    <subfield code="s">2024-08-03</subfield>
    <subfield code="w">2023-06-28</subfield>
    <subfield code="y">020</subfield>
  </datafield>
</record>
